| 000 | 00708nam a2200217 i 4500 | ||
|---|---|---|---|
| 001 | bgj | ||
| 100 | 1 | _aMATHEW, Gervase. | |
| 245 | 1 | 0 |
_aThe Court of Richard II / _cGervase Mathew. |
| 260 |
_aLondon : _bJohn Murray, _cc. 1968. |
||
| 300 |
_aX, 227 pp : _bill. ; _c24 cm. |
||
| 504 | _aBibliography p. 211-217. | ||
| 505 | _aIncludes index. | ||
| 600 | 1 | 9 |
_aRichard II, the King of England, 1376-1400 _xStudies |
| 651 | 9 |
_aGreat Britain _xHistory _xRichard II, 1377-1399 |
|
| 651 | 9 |
_aGreat Britain _xHistory _xCourt and courtiers |
|
| 651 | 9 |
_aGreat Britain _xSocial conditions _yMedieval period, 1066-1485 |
|
| 040 | _cBPK | ||
| 041 | 0 | _aeng | |
| 942 | _cKS | ||
| 008 | s uk f |000 0 eng | ||
| 999 |
_c47468 _d47468 |
||
| 856 |
_uhttp://koha.tu.koszalin.pl/cgi-bin/koha/opac-detail.pl?biblionumber=47468 _yKatalog online BPK |
||